LIBRARY & INFORMATION CENTRE, KCAET, TAVANUR

ONLINE PUBLIC ACCESS CATALOGUE (OPAC)

Normal view MARC view
  • Er. Sindhu Bhaskar

Entry Personal Name

Number of records used in: 4

001 - CONTROL NUMBER

  • control field: 3429

003 - CONTROL NUMBER IDENTIFIER

  • control field: OSt

005 - DATE AND TIME OF LATEST TRANSACTION

  • control field: 20180928145047.0

008 - FIXED-LENGTH DATA ELEMENTS

  • fixed length control field: 180928|| aca||aabn | a|a d

040 ## - CATALOGING SOURCE

  • Original cataloging agency: OSt
  • Transcribing agency: OSt

100 ## - HEADING--PERSONAL NAME

  • Personal name: Er. Sindhu Bhaskar

670 ## - SOURCE DATA FOUND

  • Source citation: Work cat.: (OSt)14964: AFREEDA V AMAL PADMU L.P MANTU KUMAR 3428, Design and development of power operated nutmeg sheller
free website counter